9 największych miast w Syrii - Statystyki

Ogólne statystyki
  • Ten quiz został rozwiązany 66 razy
  • Średni wynik to 3 z 9
Statystyki odpowiedzi
Liczba mieszkańców Nazwa miasta % Poprawnych
1 414 913 Damaszek
100%
2 132 100 Aleppo
72%
652 609 Hims
34%
383 786 Latakia
28%
312 994 Hama
19%
188 160 Al-Hasaka
11%
211 857 Dajr az-Zaur
9%
220 488 Ar-Rakka
6%
184 23 Al-Kamiszli
4%
Nie znaleziono quizów pasujących do podanych kryteriów
Rozkład punktacji
Procent ludzi z każdym wynikiem
Percentyl według liczby udzielonych odpowiedzi
Twoja historia wyników
Nie rozwiązałeś tego quizu